| 000 | 00759nam a22002417i 4500 | ||
|---|---|---|---|
| 003 | DO-SdBNP | ||
| 005 | 20240520120737.0 | ||
| 007 | ta | ||
| 008 | 230426b1986 dr ||||| |||| 00| 0 spa d | ||
| 040 |
_aDO-SdBNP _bspa _cBNPHU _erda |
||
| 082 |
_a361.7 _bC776i _222 |
||
| 245 | _aLa cooperación internacional y las instituciones de interés social de la República Dominicana | ||
| 264 |
_aSanto Domingo : _bCEDOIS, _c1986 |
||
| 300 |
_a89 paginas ; _c22 cm |
||
| 336 |
_2rdacontent _atexto _btxt |
||
| 337 |
_2rdamedia _asin mediación _bn |
||
| 338 |
_2rdacarrier _avolumen _bnc |
||
| 590 | _aInventariado, 2023 / DG | ||
| 650 | 0 |
_aCooperación internacional _91240 |
|
| 650 | 4 |
_aOrganizaciones sin fines de lucro _983476 |
|
| 910 | _aDG | ||
| 942 |
_2ddc _cLBS1 |
||
| 999 |
_c53647 _d53647 |
||